Library Banner

داستان ثقافت (Record no. 69904)

MARC details
000 -LEADER
fixed length control field 00426nam a22001577a 4500
005 - DATE AND TIME OF LATEST TRANSACTION
control field 20150415114913.0
008 - FIXED-LENGTH DATA ELEMENTS--GENERAL INFORMATION
fixed length control field 150415b xxu||||| |||| 00| 0 eng d
040 ## - CATALOGING SOURCE
Transcribing agency PK-LaUMT
082 ## - DEWEY DECIMAL CLASSIFICATION NUMBER
Classification number KHC 306.489
Item number ZAB-D
100 ## - MAIN ENTRY--PERSONAL NAME
Personal name زبیر رانا
245 ## - TITLE STATEMENT
Title داستان ثقافت
Statement of responsibility, etc زبیررانا
260 ## - PUBLICATION, DISTRIBUTION, ETC. (IMPRINT)
Place of publication, distribution, etc لاہور
Name of publisher, distributor, etc مصباح سنز پبلشرز
Date of publication, distribution, etc 1988
300 ## - PHYSICAL DESCRIPTION
Extent 262 ص
490 ## - SERIES STATEMENT
Volume number/sequential designation جلد(اول
942 ## - ADDED ENTRY ELEMENTS (KOHA)
Koha item type Books
Holdings
Withdrawn status Lost status Damaged status Home library Current library Date acquired Full call number Barcode Date last seen Price effective from Koha item type
      UMT Main Campus UMT Main Campus 2015-04-15 KHC 306.489 ZAB-D 80037 2015-04-15 2015-04-15 Books